Statistiques concernant Trouver la ville française (par rapport au monument)

Cliquez ici pour prendre le quiz!

Statistiques générales

  • Ce quiz a été pris 602 fois
  • Le résultat moyen est 10 sur 15

Statistiques - réponses

MonumentVille% Correct
PanthéonParis
99%
Monument aux GirondinsBordeaux
91%
Arènes (amphithéâtre romain)Nîmes
91%
Bâtiment Louise-Weiss (Parlement européen)Strasbourg
89%
Basilique Notre-Dame-de-la-GardeMarseille
87%
Basilique Notre-Dame de FourvièreLyon
83%
Cathédrale Notre-Dame (sacres de rois)Reims
78%
Château des Ducs de BretagneNantes
76%
Palais des papesAvignon
73%
Palais StanislasNancy
64%
Vieille BourseLille
55%
2934 menhirsCarnac
43%
Tour Saint-Nicolas et tour de la ChaîneLa Rochelle
29%
Demeure de Ronsard (Prieuré de Saint-Cosme)Tours
28%
Le VolcanLe Havre
20%

Distribution des résultats

Percentile par nombre de réponses

% des personnes avec chaque résultat

Votre développement - résultats

Vous n’avez pas pris ce quiz